Central Library OPAC University of Rajshahi

The adventures of Sherlock Holmes / (Record no. 20687)

MARC details
000 -LEADER
fixed length control field 00812nam a22002651 4500
001 - CONTROL NUMBER
control field 20687
003 - CONTROL NUMBER IDENTIFIER
rucl marc code BD-RjUL
005 - DATE AND TIME OF LATEST TRANSACTION
control field 20211209000609.0
008 - FIXED-LENGTH DATA ELEMENTS--GENERAL INFORMATION
fixed length control field 140302s19591957enk 000 1 eng
035 ## - SYSTEM CONTROL NUMBER
System control number (BD-RjUL)20749
System control number (OCoLC)20394862
040 ## - CATALOGING SOURCE
Original cataloging agency DLC
Transcribing agency TxBsaA
Modifying agency TCollA
-- DLC
-- BD-RjUL
Language of cataloging eng
041 ## - LANGUAGE CODE
Language code of text/sound track or separate title eng
082 ## - DEWEY DECIMAL CLASSIFICATION NUMBER
Classification number 823
Author mark and year DOA 1959
100 1# - MAIN ENTRY--PERSONAL NAME
Personal name Doyle, Arthur Conan,
Dates associated with a name 1859-1930.
9 (RLIN) 63840
245 14 - TITLE STATEMENT
Title The adventures of Sherlock Holmes /
Statement of responsibility, etc. Arthur Conan Doyle
260 ## - PUBLICATION, DISTRIBUTION, ETC. (IMPRINT)
Place of publication, distribution, etc. London :
Name of publisher, distributor, etc. Junior Deluxe,
Date of publication, distribution, etc. 1959.
300 ## - PHYSICAL DESCRIPTION
Pagination 248 p. ;
Size 22 cm.
600 10 - SUBJECT ADDED ENTRY--PERSONAL NAME
Personal name Holmes, Sherlock
650 #0 - SUBJECT ADDED ENTRY--TOPICAL TERM
Topical term or geographic name as entry element Private investigators
Geographic subdivision England
Form subdivision Fiction.
9 (RLIN) 63842
Topical term or geographic name as entry element Detective and mystery stories, English.
9 (RLIN) 63843
942 ## - ADDED ENTRY ELEMENTS (KOHA)
Source of classification or shelving scheme Dewey Decimal Classification
Koha item type Books
Holdings
Lost status Source of classification or shelving scheme Damaged status Not for loan Collection code Permanent Location Current Location Shelving location Date acquired Source of acquisition Total Checkouts Full call number Date last seen Copy number Koha item type
  Dewey Decimal Classification   Added to bundle Fiction Central Library, University of Rajshahi Central Library, University of Rajshahi Reading Room 27/10/1990 Shawkat Usman   823 DOA 1959 02/03/2014 C-1 Books